000
00331nam a22001457a 4500
008
210427b ||||| |||| 00| 0 eng d
020
_a
9780684806327
041
_a
eng
080
_a
51
082
_a
51
100
_a
36
101
_a
MAT
245
_a
History of Modern Science and Mathematics
_c
Baigrie,B.S
942
_2
udc
_c
BK
999
_c
56808
_d
56808